000 00495nam a2200193Ia 4500
008 131103s9999 xx 000 0 und d
040 _aLoreto College
041 _aEnglish
082 _a920/HAD
_bLCLIB/
100 _aDeneke, Helena
245 _aGrace Hadow
_cHelena Deneke
260 _aLondon
_bOxford University Press
_c1946
300 _a225p.
_b ill.
_c 22cm.
504 _aIncludes index
650 _aHadow, Grace
651 _aBiography
850 _aLCLIB/920/HAD
942 _cBK
999 _c25168
_d75647